Content marketing

Medzi dlhodobejšie marketingové nástroje patrí aj content marketing. Aktivity zamerané na tvorbu, publikovanie a zdieľanie obsahu za účelom získania zákazníkov. Tipy a námety content marketingu.

Gespeichert in:
Bibliographische Detailangaben
1. Verfasser: Kalašová, Jana
Format: Buchkapitel
Sprache:Slowakisch
Schlagworte:
Tags: Tag hinzufügen
Keine Tags, Fügen Sie das erste Tag hinzu!

MARC

LEADER 00000naa a2200000 4500
001 0193005
005 20230912114207.8
041 0 |a slo 
044 |a SK 
245 1 0 |a Content marketing  |c Jana Kalašová 
520 |a Medzi dlhodobejšie marketingové nástroje patrí aj content marketing. Aktivity zamerané na tvorbu, publikovanie a zdieľanie obsahu za účelom získania zákazníkov. Tipy a námety content marketingu. 
610 2 0 |a marketing 
610 2 0 |a stratégia marketingová 
610 2 0 |a nástroje marketingové 
610 2 0 |a komunikácia marketingová 
610 2 0 |a marketing elektronický 
610 2 0 |a siete sociálne 
610 2 0 |a starostlivosť o zákazníkov 
100 1 |a Kalašová, Jana